Vista normal
Vista MARC
Entrada Personal Name
Número de registros utilizados en: 1
001 - CONTROL NUMBER
- control field: 16320
003 - CONTROL NUMBER IDENTIFIER
- control field: DLC
005 - DATE AND TIME OF LATEST TRANSACTION
- control field: 20241011153650.0
008 - FIXED-LENGTH DATA ELEMENTS
- fixed length control field: 031202n| acannaabn |a aaa c
010 ## - LIBRARY OF CONGRESS CONTROL NUMBER
- LC control number: no2003121136
035 ## - SYSTEM CONTROL NUMBER
- System control number: (OCoLC)oca06218153
040 ## - CATALOGING SOURCE
- Original cataloging agency: PPiU
- Language of cataloging: spa
- Transcribing agency: Mx-PuUPA
- Modifying agency: DLC
- Modifying agency: Mx-PuUPA
- Description conventions: rda
100 1# - HEADING--PERSONAL NAME
- Personal name: Soares, Afonso M. L.,
- Fuller form of name: (Afonso Maria Ligório)
374 ## - OCCUPATION
- Occupation: Autor
375 ## - GENDER
- Gender: hombre
377 ## - ASSOCIATED LANGUAGE
- Language code: pt
400 1# - SEE FROM TRACING--PERSONAL NAME
- Personal name: Ligório Soares, Afonso M.
- Fuller form of name: (Afonso Maria)
400 1# - SEE FROM TRACING--PERSONAL NAME
- Personal name: Soares, Afonso Maria Ligorio
400 1# - SEE FROM TRACING--PERSONAL NAME
- Personal name: Ligorio Soares, Afonso Maria
670 ## - SOURCE DATA FOUND
- Source citation: Interfaces da revelação, c2003:
- Information found: t.p. (Afonso M.L. Soares) p. 13 (Afonso Maria Ligório Soares) back cover (from Santo André, SP; doctorate in religious science from the Universidade Metodista de São Paulo, master's in theology from the Pontifical Gregorian University in Rome)
670 ## - SOURCE DATA FOUND
- Source citation: Doutrina social e unievrsidade, [2007]:
- Information found: t.p. (Afonso Maria Ligorio Soares)